Studying the evidence (Record no. 65263)

MARC details
000 -LEADER
fixed length control field 01383cam a2200265 4500
001 - CONTROL NUMBER
control field ABS63124
008 - FIXED-LENGTH DATA ELEMENTS--GENERAL INFORMATION
fixed length control field 000000n2000 000 0 eng u
035 ## - SYSTEM CONTROL NUMBER
System control number (Sirsi) u109339
100 ## - MAIN ENTRY--PERSONAL NAME
Personal name Jardine, F
245 ## - TITLE STATEMENT
Title Studying the evidence
260 ## - PUBLICATION, DISTRIBUTION, ETC.
Date of publication, distribution, etc. 2000
490 ## - SERIES STATEMENT
Series statement New Civil Engineer
Volume/sequential designation 12 October 2000, 40(1)
520 ## - SUMMARY, ETC.
Summary, etc. Looks at how the construction of the Jubilee Line Extension (JLE) has created a vital case study for future urban tunnelling. The challenge of protecting a number of landmark buildings on route was overcome successfully, and evidence of using the pioneering compensation grouting as a safeguard was collected. This evidence will be made available in a book of 30 case histories of buildings along the JLE route, which is based on a CIRIA led research project "Subsidence damage to buildings: prediction, protection and repair". On a similar theme, a conference is to be held at Imperial College, London on 17 and 18 July 2001 entitled "The response of buildings to excavation-induced ground movements".
590 ## - LOCAL NOTE (RLIN)
Local note ABS
650 ## - SUBJECT ADDED ENTRY--TOPICAL TERM
Topical term or geographic name entry element COMPENSATION GROUTING
650 ## - SUBJECT ADDED ENTRY--TOPICAL TERM
Topical term or geographic name entry element SUBSIDENCE DAMAGE
650 ## - SUBJECT ADDED ENTRY--TOPICAL TERM
Topical term or geographic name entry element CONSERVATION
650 ## - SUBJECT ADDED ENTRY--TOPICAL TERM
Topical term or geographic name entry element PROTECTION
650 ## - SUBJECT ADDED ENTRY--TOPICAL TERM
Topical term or geographic name entry element LONDON UNDERGROUND
650 ## - SUBJECT ADDED ENTRY--TOPICAL TERM
Topical term or geographic name entry element CIRIA
650 ## - SUBJECT ADDED ENTRY--TOPICAL TERM
Topical term or geographic name entry element JUBILEE LINE EXTENSION
650 ## - SUBJECT ADDED ENTRY--TOPICAL TERM
Topical term or geographic name entry element TUNNELLING
690 ## - LOCAL SUBJECT ADDED ENTRY--TOPICAL TERM (OCLC, RLIN)
Topical term or geographic name as entry element BUILDING AND CONSTRUCTION-REPAIRS AND MAINTENANCE
942 ## - ADDED ENTRY ELEMENTS (KOHA)
Suppress in OPAC 0
Holdings
Withdrawn status Lost status Source of classification or shelving scheme Damaged status Not for loan Home library Current library Shelving location Date acquired Total Checkouts Full call number Barcode Date last seen Copy number Price effective from Koha item type
    Dewey Decimal Classification     London London Journal article 14/11/2000   ABS63124 109339-1001 06/08/2019 1 06/08/2019 Journal article